• 首页
  • 本馆介绍
  • 公告通知
  • 最新文献
  • 馆藏检索
  • 电子资源
  • 读者导购
  • 参考咨询
  • 我的图书馆
  • 登录
  • 详细信息显示
  • 放入我的书架
  • 预约/预借图书
  • 作者相关作品
  • 分类相关作品
  • 丛书相关作品
  • 出版社相关作品

书目信息

  • 表格格式
  • 工作单格式
  • 卡片格式
题名:
创新整合论
    
 
作者: 林坚 著
分册:  
出版信息: 北京   中国书籍出版社  2013
页数: 257页
开本: 24cm
丛书名: 中国书籍文库
单 册:
中图分类: F124.3 , G12
科图分类:
主题词: 技术革新--研究--中国 , 文化事业--建设--研究--中国 , 技术革新 , 文化事业
电子资源:
ISBN: 978-7-5068-3140-6
000 01433nam0 22003251 450
001 519
005 20140908161842.82
010    @a978-7-5068-3140-6@dCNY49.00
100    @a20130109d2013 em y0chiy50 ea
101 0  @achi
102    @aCN@b110000
105    @ay z 000yy
106    @ar
200 1  @a创新整合论@AChuang Xin Zheng He Lun@e科技创新与文化创新的整合机制@EKe Ji Chuang Xin Yu Wen Hua Chuang Xin De Zheng He Ji Zhi@f林坚著@FLin Jian Zhu
210    @a北京@c中国书籍出版社@d2013
215    @a257页@d24cm
225 2  @a中国书籍文库@i其他
300    @a教育部人文社会科学研究项目
330    @a本书研究科技创新与文化创新的整合机制及其对构建和谐社会的重要意义。分析科技创新的特征、趋势及存在的问题,总结文化的传承与创新,考察科学和人文的分裂与整合,探讨科技创新的文化意蕴,描述科技对文化创新支撑的内容和形式,探索科技创新与文化创新整合的实现机制,聚焦时代特征,阐述创新整合对实现科学发展、文明发展的意义。对确立正确的理念、解决现实中科技与文化的分离、建设创新型国家等问题提出了建设性意见。
461  0 @12001 @a中国书籍文库
517 1  @a科技创新与文化创新的整合机制@AKe Ji Chuang Xin Yu Wen Hua Chuang Xin De Zheng He Ji Zhi
606 0  @a技术革新@x研究@y中国
606 0  @a文化事业@x建设@x研究@y中国
606 0  @a技术革新
606 0  @a文化事业
690    @aF124.3@v5
690    @aG12@v5
701  0 @a林坚@ALin Jian@f(1964.9~)@4著
801  0 @aCN@bTANGWEI@c20140603
905    @b0837024-26@dF124.3@e199@f3
    
    创新整合论:科技创新与文化创新的整合机制/林坚著.-北京:中国书籍出版社,2013
    257页;24cm.-(中国书籍文库.其他)
    教育部人文社会科学研究项目
    
    ISBN 978-7-5068-3140-6:CNY49.00
    本书研究科技创新与文化创新的整合机制及其对构建和谐社会的重要意义。分析科技创新的特征、趋势及存在的问题,总结文化的传承与创新,考察科学和人文的分裂与整合,探讨科技创新的文化意蕴,描述科技对文化创新支撑的内容和形式,探索科技创新与文化创新整合的实现机制,聚焦时代特征,阐述创新整合对实现科学发展、文明发展的意义。对确立正确的理念、解决现实中科技与文化的分离、建设创新型国家等问题提出了建设性意见。
●
相关链接 在E读中查询图书 在五车中查询图书 在当当中查询图书 在豆瓣中查询图书


正题名:创新整合论     索取号:F124.3/199         预约/预借

序号 登录号 条形码 馆藏地/架位号 状态 备注
1 0837024   208370243   第一样本阅览室/ [索取号:F124.3/199] 在馆    
2 0837025   208370252   第一借阅区/ [索取号:F124.3/199] 在馆    
3 0837026   208370261   密集书库-海洋学院/ [索取号:F124.3/199] 在馆    
唐山师范学院图书馆 欢迎您!
大连网信软件有限公司© 版权所有